[Event "EOBCC 2020"]
[Site "Online"]
[Date "2020.12.18"]
[Round "4.27"]
[White "Stefanova, Antoaneta"]
[Black "Movsesian, Sergei"]
[Result "0-1"]
[WhiteElo "2466"]
[BlackElo "2647"]
[PlyCount "52"]
[EventDate "2020.12.18"]
[EventType "tourn"]
[EventCountry "NET"]

1. d4 Nf6 2. Nf3 e6 3. e3 c5 4. Bd3 Nc6 5. O-O Be7 6. b3 b6 7. Bb2 Bb7 8. c4 cxd4 9. exd4 d5 10. Nc3 O-O 11. Rc1 Rc8 12. Ne2 dxc4 13. bxc4 Nb4 14. Bb1 Bxf3 15. gxf3 Qd7 16. Ng3 Rfd8 17. Qd2 b5 18. a3 Na6 19. Qa5 Nc7 20. d5 bxc4 21. dxe6 Nxe6 22. Nf5 Rc5 23. Qc3 Nf4 24. Nxe7+ Qxe7 25. Rfe1 Qd7 26. Re5 Qh3 0-1

[Event "EOBCC 2020"]
[Site "Online"]
[Date "2020.12.18"]
[Round "4.28"]
[White "Kuzubov, Yuriy"]
[Black "Kuzmicz, Krystian"]
[Result "0-1"]
[WhiteElo "2641"]
[BlackElo "2469"]
[PlyCount "156"]
[EventDate "2020.12.18"]
[EventType "tourn"]
[EventCountry "NET"]

1. d4 g6 2. Nf3 Bg7 3. e4 c6 4. Nc3 d5 5. h3 Nf6 6. e5 Ne4 7. Nxe4 dxe4 8. Ng5 c5 9. Bb5+ Bd7 10. Bc4 O-O 11. e6 fxe6 12. dxc5 Qa5+ 13. Qd2 Qxc5 14. Bxe6+ Kh8 15. Bxd7 Nxd7 16. Ne6 Qf5 17. Nxg7 Kxg7 18. Qc3+ Ne5 19. Be3 Rac8 20. Qb3 Nc4 21. O-O Nxe3 22. fxe3 Qc5 23. Rxf8 Rxf8 24. Rf1 Rxf1+ 25. Kxf1 b6 26. Ke2 Qh5+ 27. Kd2 Qg5 28. g4 Qh4 29. Qc4 Qxh3 30. Qxe4 Kf7 31. Qf4+ Kg7 32. g5 h5 33. gxh6+ Qxh6 34. Qc7 Qg5 35. b3 Qf6 36. Qxa7 g5 37. Qd7 Qf2+ 38. Kc1 Qxe3+ 39. Kb1 Qe1+ 40. Kb2 Qe5+ 41. c3 Qe4 42. Qc7 g4 43. a4 Qe2+ 44. Ka3 Qe3 45. a5 bxa5 46. Qxa5 g3 47. Qf5 Qa7+ 48. Kb4 Qb6+ 49. Ka4 Qg6 50. Qe5+ Kf7 51. Qf4+ Kg8 52. Qb8+ Kh7 53. Qe5 Qg4+ 54. b4 g2 55. Qxe7+ Kg6 56. Qd6+ Kf5 57. Qd5+ Kf4 58. Qd4+ Kg3 59. Qe3+ Qf3 60. Qg5+ Kf2 61. Qd2+ Kf1 62. Qc1+ Kf2 63. Qd2+ Qe2 64. Qf4+ Ke1 65. Qg3+ Kd1 66. b5 Qf1 67. Qg4+ Kc2 68. Qe4+ Kxc3 69. Qe3+ Kc2 70. Qe4+ Kd1 71. Qd4+ Ke1 72. Qe4+ Qe2 73. Qh4+ Kf1 74. Qf4+ Kg1 75. b6 Qd1+ 76. Ka5 Qa1+ 77. Kb5 Qf1+ 78. Qxf1+ gxf1=Q+ 0-1

[Event "EOBCC 2020"]
[Site "Online"]
[Date "2020.12.18"]
[Round "4.29"]
[White "Schitco, Ivan"]
[Black "Bauer, Christian"]
[Result "1-0"]
[WhiteElo "2467"]
[BlackElo "2639"]
[PlyCount "93"]
[EventDate "2020.12.18"]
[EventType "tourn"]
[EventCountry "NET"]

1. d4 Nf6 2. c4 Nc6 3. Nc3 e5 4. d5 Ne7 5. h4 Neg8 6. Qd3 a5 7. e4 Bc5 8. Qg3 Kf8 9. Be3 Bxe3 10. Qxe3 d6 11. Bd3 g6 12. Nge2 Kg7 13. f3 h5 14. c5 Qe7 15. cxd6 cxd6 16. Rc1 a4 17. a3 Qd8 18. Kf2 Nh6 19. Kg1 Nfg4 20. fxg4 Nxg4 21. Qg3 Qb6+ 22. Kf1 f5 23. exf5 Bxf5 24. Bxf5 Rhf8 25. Ke1 Rxf5 26. Ne4 Raf8 27. Qc3 Kg8 28. N2g3 Rf2 29. Rf1 Rxf1+ 30. Nxf1 Qg1 31. Ned2 Qxg2 32. Qd3 Qf2+ 33. Kd1 Rf5 34. Rc8+ Kg7 35. Qb5 Qxh4 36. Rc7+ Kh6 37. Qe8 Qf6 38. Qe6 Rxf1+ 39. Nxf1 Qxf1+ 40. Kd2 Qf2+ 41. Kc3 Qd4+ 42. Kc2 Ne3+ 43. Kb1 Qd1+ 44. Ka2 Nxd5 45. Qg8 Nxc7 46. Qh8+ Kg5 47. Qd8+ 1-0

[Event "EOBCC 2020"]
[Site "Online"]
[Date "2020.12.18"]
[Round "4.30"]
[White "Yilmaz, Mustafa"]
[Black "Firat, Burak"]
[Result "1-0"]
[WhiteElo "2630"]
[BlackElo "2474"]
[PlyCount "129"]
[EventDate "2020.12.18"]
[EventType "tourn"]
[EventCountry "NET"]

1. d4 Nf6 2. c4 e6 3. Nf3 d5 4. Qc2 c5 5. dxc5 d4 6. g3 Nc6 7. Bg2 Bxc5 8. O-O O-O 9. Bg5 Be7 10. Rd1 e5 11. Nbd2 Be6 12. a3 a5 13. c5 Rc8 14. Rab1 b6 15. b4 axb4 16. axb4 bxc5 17. Bxf6 Bxf6 18. bxc5 Be7 19. Rb6 Na5 20. Rxe6 fxe6 21. Ne4 Qd5 22. Nfg5 Bxg5 23. Nxg5 d3 24. exd3 Rxc5 25. Bxd5 Rxc2 26. Bxe6+ Kh8 27. Nf7+ Rxf7 28. Bxf7 Nc6 29. Rb1 g5 30. Bd5 Nd4 31. Rb8+ Kg7 32. Rb7+ Kf6 33. Rxh7 g4 34. Rf7+ Kg6 35. Rf8 Rc1+ 36. Kg2 Ne2 37. h3 gxh3+ 38. Kxh3 Nd4 39. Be4+ Kg7 40. Re8 Kf6 41. Ra8 Rf1 42. Kg4 Kf7 43. Ra7+ Kf6 44. Ra6+ Kf7 45. Bd5+ Ke7 46. Ra2 Rd1 47. Be4 Rf1 48. Rb2 Kd6 49. Kh3 Ke7 50. Kg2 Rd1 51. Rb7+ Kf6 52. Rb6+ Ke7 53. f4 Rd2+ 54. Kh3 exf4 55. gxf4 Rd1 56. Kg3 Rg1+ 57. Kf2 Rd1 58. Ke3 Nc2+ 59. Ke2 Rg1 60. f5 Kf7 61. Bd5+ Kg7 62. f6+ Kg6 63. f7+ Kg7 64. Rb8 Nd4+ 65. Kf2 1-0

[Event "EOBCC 2020"]
[Site "Online"]
[Date "2020.12.18"]
[Round "4.31"]
[White "Petrosyan, Manuel"]
[Black "Murzin, Volodar"]
[Result "1-0"]
[WhiteElo "2628"]
[BlackElo "2470"]
[PlyCount "73"]
[EventDate "2020.12.18"]
[EventType "tourn"]
[EventCountry "NET"]

1. d4 Nf6 2. c4 g6 3. Nc3 Bg7 4. e4 O-O 5. Nf3 d6 6. Be2 e5 7. O-O Nc6 8. Be3 Ng4 9. Bg5 f6 10. Bh4 h5 11. h3 Nh6 12. Bg3 g5 13. c5 g4 14. hxg4 hxg4 15. Nh4 Nxd4 16. Bc4+ Kh7 17. cxd6 Qxd6 18. Nd5 f5 19. exf5 Ndxf5 20. Nxf5 Bxf5 21. Ne3 Qg6 22. Nxf5 Nxf5 23. Bd3 Kh8 24. Qc2 c6 25. Rfe1 Rae8 26. Qc5 e4 27. Rxe4 Rxe4 28. Bxe4 Qe6 29. Bxf5 Qxf5 30. Qb4 Qb5 31. Qxg4 Qxb2 32. Rd1 Qxa2 33. Rd7 Qa1+ 34. Kh2 b5 35. Bd6 Ra8 36. f4 Qf6 37. Kg3 1-0

[Event "EOBCC 2020"]
[Site "Online"]
[Date "2020.12.18"]
[Round "4.32"]
[White "Jaracz, Pawel"]
[Black "Deac, Bogdan-Daniel"]
[Result "0-1"]
[WhiteElo "2456"]
[BlackElo "2625"]
[PlyCount "80"]
[EventDate "2020.12.18"]
[EventType "tourn"]
[EventCountry "NET"]

1. e4 e5 2. Nf3 Nc6 3. Bc4 Nf6 4. d3 Bc5 5. c3 d6 6. O-O a5 7. Bb5 O-O 8. Nbd2 Ne7 9. h3 c6 10. Ba4 Ng6 11. d4 Bb6 12. Re1 Re8 13. Bc2 Bc7 14. Nf1 d5 15. Nxe5 Nxe4 16. Nxg6 hxg6 17. Qf3 Bf5 18. Bd3 Qh4 19. Be3 Re7 20. Qd1 Rae8 21. Bxe4 dxe4 22. Qd2 f6 23. c4 Rd7 24. Rad1 g5 25. d5 cxd5 26. cxd5 g4 27. hxg4 Bxg4 28. Rc1 Re5 29. Bf4 Rh5 30. f3 exf3 31. gxf3 Bxf3 32. Re8+ Kf7 33. Rxc7 Rxc7 34. Bxc7 Kxe8 35. Qe3+ Be4 36. Ng3 Qh2+ 37. Kf1 Qg2+ 38. Ke1 Rh4 39. d6 Kd7 40. Qb6 Qxg3+ 0-1

[Event "EOBCC 2020"]
[Site "Online"]
[Date "2020.12.18"]
[Round "4.33"]
[White "Bok, Benjamin"]
[Black "Belyakov, Bogdan"]
[Result "0-1"]
[WhiteElo "2624"]
[BlackElo "2450"]
[PlyCount "86"]
[EventDate "2020.12.18"]
[EventType "tourn"]
[EventCountry "NET"]

1. d4 Nf6 2. c4 g6 3. Nc3 Bg7 4. e4 O-O 5. Nf3 d6 6. Be2 e5 7. O-O Nc6 8. d5 Ne7 9. b4 Nh5 10. a4 Nf4 11. c5 Nxe2+ 12. Qxe2 f5 13. Nd2 fxe4 14. cxd6 cxd6 15. Ndxe4 Nf5 16. Bg5 Qd7 17. Rac1 a6 18. Qd3 Nd4 19. Kh1 b5 20. f4 bxa4 21. fxe5 Rxf1+ 22. Rxf1 dxe5 23. Nf6+ Bxf6 24. Bxf6 a5 25. b5 Nxb5 26. Ne4 Nd6 27. Bxe5 Nxe4 28. Qxe4 Ba6 29. d6 Bxf1 30. Qxa8+ Kf7 31. Kg1 Bc4 32. Qf3+ Qf5 33. Qxf5+ gxf5 34. Bb2 Ke6 35. Kf2 Kxd6 36. Ba3+ Kd5 37. Ke3 Bf1 38. g3 Kc4 39. Kf4 Bh3 40. Bf8 Kb3 41. Ke3 a3 42. Kd2 Kb2 43. Bg7+ Kb1 0-1

[Event "EOBCC 2020"]
[Site "Online"]
[Date "2020.12.18"]
[Round "4.34"]
[White "Kolosowski, Mateusz"]
[Black "Ponkratov, Pavel"]
[Result "0-1"]
[WhiteElo "2448"]
[BlackElo "2625"]
[PlyCount "100"]
[EventDate "2020.12.18"]
[EventType "tourn"]
[EventCountry "NET"]

1. Nf3 Nf6 2. e3 c5 3. c4 d5 4. cxd5 Nxd5 5. Nc3 e6 6. Nxd5 Qxd5 7. d4 Nc6 8. dxc5 Qxd1+ 9. Kxd1 Bxc5 10. a3 Be7 11. b4 f6 12. Bc4 Bd7 13. Bb2 e5 14. Ke2 O-O-O 15. Rac1 Kb8 16. Rhd1 a6 17. h3 Na7 18. Nd2 Ba4 19. Nb3 Nc8 20. Rd2 Nb6 21. Be6 Bb5+ 22. Ke1 Na4 23. Ba1 Rxd2 24. Nxd2 Rd8 25. Bf5 Bd3 26. Be6 a5 27. Bb3 Bb5 28. Bxa4 Bxa4 29. Bc3 axb4 30. Bxb4 Bxb4 31. axb4 Rd3 32. Ne4 Bc6 33. Nc5 Ra3 34. Ke2 Bxg2 35. Rg1 Ra2+ 36. Kd3 Rxf2 37. e4 g5 38. Nd7+ Kc7 39. Nxf6 Rxf6 40. Rxg2 h6 41. Kc4 Kd6 42. Rd2+ Ke6 43. Rd8 Rf4 44. Re8+ Kd6 45. Rd8+ Kc7 46. Rh8 Rxe4+ 47. Kc5 b6+ 48. Kb5 Rh4 49. Rh7+ Kd6 50. Kxb6 Rxb4+ 0-1

[Event "EOBCC 2020"]
[Site "Online"]
[Date "2020.12.18"]
[Round "4.35"]
[White "Chigaev, Maksim"]
[Black "Kacharava, Nikolozi"]
[Result "0-1"]
[WhiteElo "2615"]
[BlackElo "2443"]
[PlyCount "32"]
[EventDate "2020.12.18"]
[EventType "tourn"]
[EventCountry "NET"]

1. e4 e5 2. Nf3 Nf6 3. Nc3 Nc6 4. h3 g6 5. d4 exd4 6. Nxd4 Bg7 7. Nxc6 bxc6 8. e5 Qe7 9. Qe2 Nd5 10. Nxd5 cxd5 11. Bf4 Qb4+ 12. Qd2 Qxb2 13. Rd1 Bxe5 14. Qxd5 Bxf4 15. Qxa8 Qc3+ 16. Ke2 O-O 0-1

[Event "EOBCC 2020"]
[Site "Online"]
[Date "2020.12.18"]
[Round "4.36"]
[White "Grinev, Valeriy"]
[Black "Moranda, Wojciech"]
[Result "1-0"]
[WhiteElo "2441"]
[BlackElo "2618"]
[PlyCount "79"]
[EventDate "2020.12.18"]
[EventType "tourn"]
[EventCountry "NET"]

1. d4 Nf6 2. c4 e6 3. Nc3 Bb4 4. e3 O-O 5. Nge2 Re8 6. a3 Bf8 7. Ng3 d5 8. Be2 b6 9. cxd5 exd5 10. O-O g6 11. b4 h5 12. Bf3 h4 13. Nge2 Nc6 14. Qb3 Ne7 15. Nf4 Bb7 16. b5 Bh6 17. Nd3 a6 18. Ne5 axb5 19. Nxb5 Nd7 20. a4 Nxe5 21. dxe5 Bg7 22. Bb2 Nf5 23. Rfd1 c6 24. Nd4 Nxd4 25. exd4 Ba6 26. Qe3 Bc4 27. Rdc1 Qd7 28. Qf4 Ra7 29. Qxh4 Rea8 30. Re1 Rxa4 31. Rxa4 Rxa4 32. e6 Qe8 33. exf7+ Qxf7 34. Bg4 Qf6 35. Be6+ Kf8 36. Qh7 Ra2 37. Qg8+ Ke7 38. Bxd5+ Kd7 39. Qe8+ Kd6 40. Re6+ 1-0

[Event "EOBCC 2020"]
[Site "Online"]
[Date "2020.12.18"]
[Round "4.37"]
[White "Bykov, Egor"]
[Black "Piorun, Kacper"]
[Result "0-1"]
[WhiteElo "2436"]
[BlackElo "2615"]
[PlyCount "54"]
[EventDate "2020.12.18"]
[EventType "tourn"]
[EventCountry "NET"]

1. d4 Nf6 2. c4 g6 3. Nc3 Bg7 4. e4 O-O 5. Nf3 d6 6. Be2 Na6 7. O-O e5 8. Be3 Ng4 9. Bg5 f6 10. Bh4 Qe8 11. Qd2 Nh6 12. a3 Nf7 13. b4 c6 14. d5 c5 15. Rab1 f5 16. h3 f4 17. Nb5 h6 18. bxc5 dxc5 19. Nh2 g5 20. Bh5 Qd8 21. Ng4 gxh4 22. d6 Bd7 23. Rfd1 Bc6 24. f3 Qg5 25. Bxf7+ Rxf7 26. Nc3 Rd7 27. Qf2 Rad8 0-1

[Event "EOBCC 2020"]
[Site "Online"]
[Date "2020.12.18"]
[Round "4.38"]
[White "Kosakowski, Jakub"]
[Black "Postny, Evgeny"]
[Result "1/2-1/2"]
[WhiteElo "2431"]
[BlackElo "2605"]
[PlyCount "163"]
[EventDate "2020.12.18"]
[EventType "tourn"]
[EventCountry "NET"]

1. e4 e5 2. Nf3 Nc6 3. Bb5 a6 4. Ba4 Nf6 5. O-O Be7 6. Re1 b5 7. Bb3 d6 8. c3 Na5 9. Bc2 c5 10. h3 Qc7 11. d4 Bd7 12. Nbd2 cxd4 13. cxd4 Rc8 14. Bd3 O-O 15. Nf1 Nc6 16. Bb1 Qb8 17. Ne3 Bd8 18. Bd2 exd4 19. Nd5 Re8 20. Bf4 Be6 21. Ng5 h6 22. Nxe6 fxe6 23. Nxf6+ Bxf6 24. Bd3 Ne5 25. Bf1 Qb6 26. a4 Nc4 27. b3 Ne5 28. axb5 axb5 29. Qd2 Rc3 30. Qa2 Nd3 31. Bxd3 Rxd3 32. Rec1 Rc3 33. b4 Qc6 34. Rd1 Kf7 35. Qa7+ Re7 36. Qb8 e5 37. Bg3 Qxe4 38. Qxd6 Qc6 39. Qb8 Kg6 40. h4 Re8 41. Qa7 Kh7 42. Ra6 Qc7 43. Qxc7 Rxc7 44. Rb6 Rc2 45. Rxb5 e4 46. Rd5 e3 47. fxe3 dxe3 48. Re1 Bc3 49. Rb1 e2 50. Be1 Bf6 51. b5 Re7 52. b6 Rb7 53. g3 Rc6 54. Kf2 Re6 55. Rdb5 Bd4+ 56. Kg2 Rbxb6 57. Rxb6 Bxb6 58. Rb2 Bd4 59. Rc2 Kg6 60. Kf3 Re3+ 61. Kf4 Re8 62. Rc4 Ba7 63. Re4 Rxe4+ 64. Kxe4 h5 65. Kf3 Kf5 66. Bc3 g6 67. Kxe2 Kg4 68. Be5 Bg1 69. Bd6 Bd4 70. Bc7 Bc5 71. Bb8 Bb6 72. Bd6 Kh3 73. Kf3 Bd8 74. Bf4 Be7 75. Be5 Bxh4 76. gxh4 Kxh4 77. Kg2 g5 78. Bf6 Kg4 79. Bxg5 Kxg5 80. Kh3 h4 81. Kh2 h3 82. Kxh3 1/2-1/2

[Event "EOBCC 2020"]
[Site "Online"]
[Date "2020.12.18"]
[Round "4.39"]
[White "Lizak, Peter"]
[Black "Indjic, Aleksandar"]
[Result "0-1"]
[WhiteElo "2433"]
[BlackElo "2604"]
[PlyCount "70"]
[EventDate "2020.12.18"]
[EventType "tourn"]
[EventCountry "NET"]

1. d4 Nf6 2. Nc3 d5 3. Bf4 a6 4. e3 c5 5. dxc5 Nc6 6. Nf3 e6 7. Na4 Bxc5 8. Nxc5 Qa5+ 9. c3 Qxc5 10. Be2 Qe7 11. Ne5 O-O 12. O-O Rd8 13. Qa4 Bd7 14. Nxd7 Nxd7 15. Rfd1 b5 16. Qc2 Nc5 17. Bf3 Rac8 18. Bg3 h6 19. Qe2 f5 20. Qd2 Kh7 21. h4 Ne4 22. Bxe4 dxe4 23. Qe2 e5 24. a4 Qc5 25. axb5 axb5 26. Rxd8 Rxd8 27. Rd1 Rd5 28. b4 Qd6 29. Rc1 Rd3 30. Qa2 f4 31. exf4 exf4 32. Qf7 fxg3 33. Qf5+ Qg6 34. Qxg6+ Kxg6 35. c4 Nd4 0-1

[Event "EOBCC 2020"]
[Site "Online"]
[Date "2020.12.18"]
[Round "4.40"]
[White "Stocek, Jiri"]
[Black "Mammadzada, Gunay"]
[Result "1-0"]
[WhiteElo "2604"]
[BlackElo "2443"]
[PlyCount "101"]
[EventDate "2020.12.18"]
[EventType "tourn"]
[EventCountry "NET"]

1. d4 Nf6 2. Nf3 d5 3. c4 c6 4. Qb3 e6 5. Bg5 Be7 6. e3 Nbd7 7. Nc3 h6 8. Bf4 O-O 9. h3 a6 10. a4 a5 11. Rc1 b6 12. cxd5 Nxd5 13. Nxd5 cxd5 14. Bb5 Bb4+ 15. Ke2 Ba6 16. Qd3 Bxb5 17. Qxb5 Rc8 18. Rc6 Nb8 19. Bxb8 Rxc6 20. Qxc6 Qxb8 21. Rc1 Bd6 22. Qb5 Rc8 23. Rc6 Rxc6 24. Qxc6 Kf8 25. Nd2 Ke7 26. Nb1 Qe8 27. Qxe8+ Kxe8 28. Nc3 Kd7 29. Kd3 Bb4 30. Nb5 Be1 31. f3 Bb4 32. e4 Kc6 33. Na7+ Kb7 34. Nb5 Kc6 35. g4 Be7 36. f4 Bh4 37. e5 Bg3 38. f5 Bh4 39. Nd6 f6 40. Ne8 fxe5 41. dxe5 Bg3 42. Nxg7 Bxe5 43. Nxe6 Bxb2 44. h4 b5 45. axb5+ Kxb5 46. g5 hxg5 47. hxg5 Kc6 48. f6 Kd7 49. Nf4 Bc1 50. Nxd5 Bxg5 51. f7 1-0

[Event "EOBCC 2020"]
[Site "Online"]
[Date "2020.12.18"]
[Round "4.41"]
[White "Godart, Francois"]
[Black "Banikas, Hristos"]
[Result "0-1"]
[WhiteElo "2422"]
[BlackElo "2602"]
[PlyCount "36"]
[EventDate "2020.12.18"]
[EventType "tourn"]
[EventCountry "NET"]

1. e4 c5 2. Nf3 d6 3. d4 cxd4 4. Nxd4 Nf6 5. Nc3 a6 6. Bg5 Nbd7 7. f4 Qc7 8. Qf3 b5 9. O-O-O Bb7 10. Bd3 g6 11. Rhe1 Bg7 12. Nd5 Nxd5 13. exd5 Nf6 14. Qe2 Nxd5 15. Nxb5 axb5 16. Bxb5+ Kf8 17. c4 h6 18. Bh4 Rxa2 0-1

[Event "EOBCC 2020"]
[Site "Online"]
[Date "2020.12.18"]
[Round "4.42"]
[White "Razin, Vadim"]
[Black "Shevchenko, Kirill"]
[Result "1-0"]
[WhiteElo "2428"]
[BlackElo "2592"]
[PlyCount "65"]
[EventDate "2020.12.18"]
[EventType "tourn"]
[EventCountry "NET"]

1. d4 Nf6 2. Nf3 g6 3. Bg5 Bg7 4. Nbd2 d6 5. e4 O-O 6. c3 h6 7. Bh4 c5 8. dxc5 dxc5 9. Qc2 Nc6 10. Bc4 Nh5 11. O-O Qc7 12. Rfe1 Bg4 13. Bg3 Nxg3 14. hxg3 Rad8 15. Nf1 Rd7 16. N3h2 Ne5 17. Bb5 Rdd8 18. f4 Bd7 19. Be2 Nc6 20. Ne3 e6 21. e5 Nxe5 22. fxe5 Bxe5 23. Nef1 Bxg3 24. Nxg3 Qxg3 25. Bf3 Bb5 26. Rad1 b6 27. Ng4 Kg7 28. Qc1 g5 29. c4 Ba6 30. Qc3+ f6 31. Rxd8 Rxd8 32. Qxf6+ Kh7 33. Be4+ 1-0

[Event "EOBCC 2020"]
[Site "Online"]
[Date "2020.12.18"]
[Round "4.43"]
[White "Kollars, Dmitrij"]
[Black "Grigorian, Spartak"]
[Result "1-0"]
[WhiteElo "2598"]
[BlackElo "2433"]
[PlyCount "43"]
[EventDate "2020.12.18"]
[EventType "tourn"]
[EventCountry "NET"]

1. e4 c5 2. Nf3 d6 3. Bb5+ Nd7 4. O-O Ngf6 5. Re1 a6 6. Bd3 e6 7. c3 b5 8. Bc2 c4 9. a4 Bb7 10. d4 cxd3 11. Qxd3 Nc5 12. Qe2 Nxa4 13. e5 dxe5 14. Rxa4 bxa4 15. Bxa4+ Ke7 16. Nxe5 Qd5 17. f3 Rd8 18. b3 Ne8 19. c4 Qd4+ 20. Kh1 f6 21. Nc6+ Bxc6 22. Qxe6# 1-0

[Event "EOBCC 2020"]
[Site "Online"]
[Date "2020.12.18"]
[Round "4.44"]
[White "Sargsyan, Shant"]
[Black "Ahmadzada, Ahmad"]
[Result "1/2-1/2"]
[WhiteElo "2596"]
[BlackElo "2431"]
[PlyCount "131"]
[EventDate "2020.12.18"]
[EventType "tourn"]
[EventCountry "NET"]

1. d4 Nf6 2. Nf3 c5 3. d5 e6 4. Nc3 exd5 5. Nxd5 Nxd5 6. Qxd5 Nc6 7. e4 Nb4 8. Qd1 d5 9. Bb5+ Bd7 10. Bxd7+ Qxd7 11. exd5 Qxd5 12. Qxd5 Nxd5 13. O-O f6 14. Rd1 O-O-O 15. c4 Nb4 16. Rxd8+ Kxd8 17. Bf4 g5 18. Bg3 h5 19. a3 Nc6 20. Rd1+ Kc8 21. h4 g4 22. Ne1 Nd4 23. Nd3 Ne2+ 24. Kh2 Nxg3 25. fxg3 Bd6 26. Rf1 Rh6 27. Rf5 b6 28. Rd5 Kd7 29. b4 cxb4 30. axb4 Ke6 31. Nf4+ Bxf4 32. gxf4 Rh8 33. Kg3 f5 34. Re5+ Kf6 35. c5 Rc8 36. Rd5 Rc6 37. Kf2 bxc5 38. bxc5 a5 39. Ke3 Re6+ 40. Kd3 Re1 41. Rd6+ Ke7 42. Ra6 Re4 43. g3 Ra4 44. Rh6 Ra3+ 45. Kd4 Rxg3 46. Rxh5 Kf6 47. c6 Rg1 48. Rh6+ Kg7 49. Rh5 Kf6 50. Kc5 Rc1+ 51. Kb5 a4 52. Kxa4 g3 53. Rg5 Rxc6 54. Kb5 Rc3 55. h5 Rf3 56. Rg6+ Kf7 57. Kc5 Rxf4 58. Rxg3 Rh4 59. Kd5 Kf6 60. Rg6+ Kf7 61. Rg5 Kf6 62. Rg6+ Kf7 63. Ke5 Rxh5 64. Rf6+ Kg7 65. Rxf5 Rxf5+ 66. Kxf5 1/2-1/2

[Event "EOBCC 2020"]
[Site "Online"]
[Date "2020.12.18"]
[Round "4.45"]
[White "Kobalia, Mikhail"]
[Black "Atalik, Ekaterina"]
[Result "1-0"]
[WhiteElo "2590"]
[BlackElo "2450"]
[PlyCount "86"]
[EventDate "2020.12.18"]
[EventType "tourn"]
[EventCountry "NET"]

1. e4 c6 2. Nf3 d5 3. exd5 cxd5 4. Ne5 Nc6 5. Bb5 Bd7 6. Nxd7 Qxd7 7. d4 e6 8. c3 Nf6 9. Nd2 Bd6 10. Nf3 O-O 11. O-O Ne4 12. Re1 a6 13. Bd3 f5 14. Nd2 Rae8 15. f3 Qc7 16. Nf1 Nf6 17. Be3 Na5 18. Bf2 Nc4 19. Qc2 Bf4 20. b3 Nd6 21. c4 g6 22. c5 Nc8 23. b4 Bh6 24. a4 Bg7 25. b5 axb5 26. axb5 e5 27. dxe5 Rxe5 28. Rxe5 Qxe5 29. Re1 Qc7 30. c6 bxc6 31. Qxc6 Qxc6 32. bxc6 Ne8 33. Bc5 Ned6 34. Ne3 Bc3 35. Rc1 d4 36. Nd5 Bb2 37. Rb1 Bc3 38. Rb8 Kg7 39. c7 Re8 40. Bxd6 Re1+ 41. Kf2 Nxd6 42. Rd8 Rd1 43. Rxd6 Rd2+ 1-0

[Event "EOBCC 2020"]
[Site "Online"]
[Date "2020.12.18"]
[Round "4.46"]
[White "Balog, Imre"]
[Black "Petriashvili, Nikoloz"]
[Result "0-1"]
[WhiteElo "2578"]
[BlackElo "2425"]
[PlyCount "106"]
[EventDate "2020.12.18"]
[EventType "tourn"]
[EventCountry "NET"]

1. d4 Nf6 2. Bg5 Ne4 3. Bf4 c5 4. d5 Qb6 5. Bc1 d6 6. f3 Nf6 7. e4 g6 8. a4 Bg7 9. Na3 O-O 10. Nc4 Qd8 11. Ne2 Nbd7 12. Nc3 Rb8 13. Be2 b6 14. O-O Ne8 15. Kh1 Nc7 16. Bg5 h6 17. Be3 Ba6 18. Qd2 Kh7 19. Rae1 Bxc4 20. Bxc4 a6 21. Be2 b5 22. axb5 axb5 23. b4 cxb4 24. Na2 Na6 25. Rb1 Qc7 26. Nxb4 Nxb4 27. Qxb4 Qxc2 28. Bxb5 Nc5 29. Rfc1 Qa2 30. Bxc5 dxc5 31. Rxc5 Be5 32. Qb3 Qf2 33. Rc2 Qh4 34. g4 Rfc8 35. Qd3 Rc3 36. Qe2 Rxc2 37. Qxc2 Kg7 38. Qd2 h5 39. g5 Bf4 40. Qe2 Qxg5 41. Bd3 Ra8 42. Rg1 Qe5 43. Rd1 Ra3 44. Qf2 Rb3 45. Bf1 Rb2 46. Qd4 Rxh2+ 47. Kg1 Qxd4+ 48. Rxd4 Rb2 49. Rc4 Kf6 50. Ra4 Kg5 51. Bc4 Be3+ 52. Kh1 Kf4 53. d6 Kg3 0-1

[Event "EOBCC 2020"]
[Site "Online"]
[Date "2020.12.18"]
[Round "4.47"]
[White "Efimov, Igor"]
[Black "Bogner, Sebastian"]
[Result "1-0"]
[WhiteElo "2416"]
[BlackElo "2577"]
[PlyCount "69"]
[EventDate "2020.12.18"]
[EventType "tourn"]
[EventCountry "NET"]

1. d4 Nf6 2. Bg5 d5 3. Nd2 g6 4. e3 Bg7 5. c4 c5 6. Ngf3 cxd4 7. exd4 O-O 8. h3 Nc6 9. Be2 dxc4 10. Nxc4 b6 11. O-O Bb7 12. Rc1 Rc8 13. Re1 Nd5 14. Bf1 h6 15. Bh4 Nf4 16. Qd2 g5 17. Bg3 Nd5 18. Nfe5 b5 19. Nxc6 Bxc6 20. Ne5 Qb6 21. Rc5 Rfd8 22. Rec1 Bxe5 23. Bxe5 f6 24. Bg3 a6 25. Qc2 Bb7 26. Qg6+ Kf8 27. Qxh6+ Kg8 28. Bd3 Rxc5 29. dxc5 Qc6 30. Bg6 Qe6 31. c6 Bc8 32. c7 Rd7 33. Qh7+ Kf8 34. Qh6+ Kg8 35. Rc6 1-0

[Event "EOBCC 2020"]
[Site "Online"]
[Date "2020.12.18"]
[Round "4.48"]
[White "Aleksandrov, Aleksej"]
[Black "Socko, Monika"]
[Result "1/2-1/2"]
[WhiteElo "2574"]
[BlackElo "2421"]
[PlyCount "103"]
[EventDate "2020.12.18"]
[EventType "tourn"]
[EventCountry "NET"]

1. d4 Nf6 2. c4 e6 3. Nc3 Bb4 4. e3 O-O 5. Bd2 b6 6. Bd3 Bb7 7. Nf3 a5 8. O-O Bxc3 9. Bxc3 Ne4 10. Rc1 d6 11. Nd2 Nxc3 12. Rxc3 Nd7 13. Be4 Bxe4 14. Nxe4 f5 15. Nd2 e5 16. Nf3 e4 17. Nd2 Nf6 18. f3 Qe7 19. fxe4 Nxe4 20. Nxe4 Qxe4 21. Qf3 Rae8 22. Qxe4 Rxe4 23. g3 g6 24. Rf4 Kf7 25. c5 dxc5 26. dxc5 b5 27. c6 Rfe8 28. Kf2 Rxf4+ 29. gxf4 Re6 30. Rc5 b4 31. b3 Ke7 32. Ke2 Rd6 33. h4 Ke6 34. Re5+ Kf6 35. Rc5 Ke6 36. Kf3 Rd5 37. Rc2 Kd6 38. h5 gxh5 39. Rh2 Rc5 40. Rxh5 Kxc6 41. Rxh7 Rc2 42. Rh6+ Kb5 43. Rf6 Rxa2 44. Rxf5+ c5 45. Rf8 a4 46. Rb8+ Kc6 47. bxa4 Rxa4 48. Ke4 Ra7 49. Kd3 Rb7 50. Rxb7 Kxb7 51. f5 Kc6 52. Kc4 1/2-1/2

[Event "EOBCC 2020"]
[Site "Online"]
[Date "2020.12.18"]
[Round "4.49"]
[White "Agrest, Evgenij"]
[Black "Saraci, Nderim"]
[Result "0-1"]
[WhiteElo "2568"]
[BlackElo "2415"]
[PlyCount "86"]
[EventDate "2020.12.18"]
[EventType "tourn"]
[EventCountry "NET"]

1. Nf3 Nf6 2. c4 e6 3. b3 b6 4. Bb2 Bb7 5. e3 g6 6. Be2 Bg7 7. O-O O-O 8. Qc2 d6 9. Nc3 Qe7 10. d4 c5 11. Rfd1 cxd4 12. Nxd4 Nc6 13. Ndb5 Rfd8 14. Ba3 Ne8 15. Rac1 a6 16. Nd4 Rac8 17. Nf3 Qc7 18. Qb1 Qb8 19. Ne4 a5 20. Bb2 Bxb2 21. Qxb2 Nb4 22. Ng3 d5 23. a3 Na6 24. cxd5 Rxc1 25. Qxc1 exd5 26. Qb2 Nc5 27. h4 Ne4 28. Nf1 Qc7 29. h5 Qc3 30. Qb1 Qf6 31. Qd3 Nc5 32. Qc2 Ng7 33. hxg6 hxg6 34. Nd4 Nge6 35. Nh2 Nxd4 36. Rxd4 Ne6 37. Rd1 d4 38. Ng4 Qh4 39. f3 dxe3 40. Rxd8+ Qxd8 41. Nxe3 Qd4 42. Kf2 Nf4 43. Bc4 Bd5 0-1

[Event "EOBCC 2020"]
[Site "Online"]
[Date "2020.12.18"]
[Round "4.50"]
[White "Bazeev, German"]
[Black "Paichadze, Luka"]
[Result "1-0"]
[WhiteElo "2398"]
[BlackElo "2565"]
[PlyCount "109"]
[EventDate "2020.12.18"]
[EventType "tourn"]
[EventCountry "NET"]

1. d4 Nf6 2. Nf3 e6 3. c4 Bb4+ 4. Bd2 c5 5. Bxb4 cxb4 6. e3 O-O 7. Bd3 d6 8. O-O Nc6 9. Nbd2 Bd7 10. Ne4 Nxe4 11. Bxe4 Qc7 12. Qd2 a5 13. a3 bxa3 14. bxa3 Ne7 15. Rfc1 Bc6 16. Qc2 Bxe4 17. Qxe4 b6 18. Rab1 Rab8 19. Ng5 Ng6 20. g3 h6 21. Nf3 Rfc8 22. h4 Nf8 23. Nd2 Nd7 24. a4 Qd8 25. Rb5 Rc7 26. Rcb1 Rbc8 27. Qf3 Qe7 28. Kg2 g6 29. Qg4 h5 30. Qf3 Rxc4 31. Nxc4 Rxc4 32. Qd1 d5 33. Rc1 Qd6 34. Rxc4 dxc4 35. Qf3 c3 36. Qa8+ Kg7 37. Qc8 Qa3 38. Qc4 Nf6 39. Rb3 Qa2 40. Rxc3 Qd2 41. Rc2 Qd1 42. Qe2 Qa1 43. Ra2 Qc1 44. d5 exd5 45. Qb2 Qc6 46. Qd4 Kh7 47. Rb2 Ne4 48. Rxb6 Qc2 49. Rb2 Qc6 50. Rb8 Nf6 51. Rb5 Ng4 52. Rxd5 Nf6 53. e4 Nxd5 54. Qxd5 Qd6 55. Qxd6 1-0

[Event "EOBCC 2020"]
[Site "Online"]
[Date "2020.12.18"]
[Round "4.51"]
[White "Thybo, Jesper Sondergaard"]
[Black "Subelj, Jan"]
[Result "1-0"]
[WhiteElo "2565"]
[BlackElo "2403"]
[PlyCount "111"]
[EventDate "2020.12.18"]
[EventType "tourn"]
[EventCountry "NET"]

1. Nf3 Nf6 2. c4 e6 3. Nc3 d5 4. e3 Be7 5. b3 O-O 6. Bb2 b6 7. Qc2 Bb7 8. Be2 c5 9. cxd5 exd5 10. d4 Nc6 11. Rd1 Rc8 12. O-O cxd4 13. exd4 Ne4 14. Nxe4 Nb4 15. Nf6+ Bxf6 16. Qb1 Re8 17. Ne5 Ba6 18. Bxa6 Nxa6 19. Rfe1 Nb8 20. h3 g6 21. Qd3 Bg7 22. Qf3 f6 23. Nd3 Rxe1+ 24. Rxe1 Qd7 25. Ba3 Nc6 26. Nf4 Nxd4 27. Qxd5+ Qxd5 28. Nxd5 Rd8 29. Ne3 f5 30. Kf1 f4 31. Nc4 b5 32. Be7 Rc8 33. Nd6 Rc2 34. Bg5 h6 35. Bxf4 Rxa2 36. Re8+ Kh7 37. g4 g5 38. Be3 Nxb3 39. Re7 Kg6 40. Re6+ Kh7 41. Re7 Kg6 42. Nxb5 a5 43. Re6+ Kf7 44. Ra6 a4 45. Nd6+ Kg8 46. Ra8+ Kh7 47. Ra7 Kg8 48. Nf5 Bf8 49. Ra8 a3 50. Nxh6+ Kh7 51. Rxf8 Ra1+ 52. Kg2 Kxh6 53. Rf6+ Kg7 54. Ra6 a2 55. Ra3 Nc1 56. Bd4+ 1-0